TV Shows Abroad (1980s) Quiz Stats

Quiz Updated Oct 6, 2015

Challenge
Share
Tweet
Embed
Score 0/18 Timer 03:00
0 Plays Today
% Correct
Knight Rider
93.3%
St. Elsewhere
87.3%
The A-Team
87%
The Golden Girls
83%
MacGyver
76.4%
The Dukes of Hazzard
76%
21 Jump Street
75.2%
Diff'rent Strokes
67.4%
Bosom Buddies
62.6%
% Correct
The Facts of Life
62.6%
Small Wonder
60.7%
Growing Pains
60.6%
Hill Street Blues
56.2%
Who's the Boss?
55.5%
The Fall Guy
52.8%
Silver Spoons
51.8%
Perfect Strangers
48.6%
Moonlighting
40.3%

You're not logged in!

Compare scores with friends on all Sporcle quizzes.
Sign Up with Email
OR
Log In

You Might Also Like...

Show Comments

Extras

Top Quizzes Today


Score Distribution

Your Account Isn't Verified!

In order to create a playlist on Sporcle, you need to verify the email address you used during registration. Go to your Sporcle Settings to finish the process.